| 000 | 00718nam a2200205 a 4500 | ||
|---|---|---|---|
| 001 | 000008909 | ||
| 005 | 20240412074208.0 | ||
| 008 | 090921s1944 dr r 000 0 spa d | ||
| 040 |
_aDO-SdBNP _bspa _cBNPHU |
||
| 082 |
_aRD861.08 _bC968d |
||
| 245 | 0 | 0 |
_aCultura dominicana : _b(obras nacionales) / _ccompilador Rafael Emilio Sanabia. |
| 260 |
_aSantiago, República Dominicana : _bLa información, _c1944. |
||
| 300 |
_av. ; _c23 cm. |
||
| 500 | _aLa biblioteca posee el volumen 1 | ||
| 500 | _aCon motivo del primer centenario de la República | ||
| 590 | _aInventariado, 2018/BT | ||
| 650 | 4 |
_aPoesía dominicana _xColecciones _9351 |
|
| 650 | 4 |
_aPoetísas dominicanas _923475 |
|
| 650 | 0 |
_aLiteratura dominicana. _967 |
|
| 999 |
_c8678 _d8678 |
||